| 000 | 00410nam a2200145Ia 4500 | ||
|---|---|---|---|
| 008 | 220803s9999 xx 000 0 und d | ||
| 041 | _aeng | ||
| 082 | _a729 MAN | ||
| 100 |
_aMandke S _927799 |
||
| 245 | _aPayawar Dhonda : Paryawarnawaril Sankat | ||
| 260 |
_aPune _bBhartiya Vichar Sadhana Pune Prakashan _c2004 |
||
| 300 | _a40p | ||
| 650 |
_aEnvironmental Architecture _927800 |
||
| 700 |
_aMandke S. _927799 |
||
| 999 |
_c17719 _d17719 |
||